Представление документа в формате MARC21

Поле Инд. ПП Название Значение
Тип записи a
Библиографический уровень b
001 Контрольный номер RU/IS/BASE/257261397
005 Дата корректировки 20200629065915.4
008 Кодируемые данные 20080225
040 b Код языка каталог. rus
e Правила каталог. PSBO
041 0_ a Код языка текста rus
084 a Индекс другой классификации/Индекс ББК 81.415.2-213
100 1_ a Автор Анисимова Д. Ю.
245 10 a Заглавие Схема толкования значения неопределенных местоимений как критерий выделения их семантических групп
504 a Библиография Библиогр. - Примеч.: с. 90 - 91
650 04 a Основная рубрика грамматика
a Основная рубрика филологические науки
a Основная рубрика частное языкознание
a Основная рубрика языкознание
653 1_ a Ключевые слова неопределенные местоимения
a Ключевые слова семантика
a Ключевые слова семантика местоимений
a Ключевые слова Словакия
a Ключевые слова словацкий язык
a Ключевые слова части речи
773 0_ t Заглавие источника Вестник Московского университета. Серия 9, Филология
d Дата издания источника 2007
g Прочая информация № 2. - С. 80 - 91
w Контрольный № источника RU/IS/BASE/236181942
901 t Тип документа b